Garden-Path or Invalid Sentence? - Statistics

General Stats
  • This quiz has been taken 66 times
    61 since last reset
  • The average score is 15 of 21
Answer Stats
Question Answer % Correct
A pocket watch the show begins. Invalid
100%
The youth shop employee the discounts. Invalid
90%
The miserable creep eerily tonight. Valid
90%
The pedestrian bridges the gap. Valid
90%
The man who hunts ducks out on weekends. Valid
90%
The boat sank the river went by. Invalid
80%
The coin thrown well wishing. Invalid
80%
The Greek bust the statues. Valid
80%
The walking path bending the river. Invalid
70%
The complex houses married and single soldiers. Valid
70%
The hairy buffalo the clean shaven. Valid
70%
The movie proceeds go to seating. Valid
70%
The beauty shops around town for deals. Valid
70%
The dog flea bitten jumped up. Invalid
60%
The women bolted the window laid a trap. Invalid
60%
The old man the boat. Valid
60%
That Grandpa’s always here matters. Valid
60%
Flute maintenance and playing tricks the mind. Valid
60%
The florist sent the flowers was pleased. Valid
50%
The boat sailed under the bridge collapsed. Valid
40%
Fat people eat accumulates. Valid
40%
No matching quizzes found
Score Distribution
Percent of People with Each Score
Percentile by Number Answered
Your Score History
You have not taken this quiz since the last reset